El retrato de Dorian Gray /
Guardat en:
| Autor principal: | |
|---|---|
| Altres autors: | |
| Format: | Electrònic eBook |
| Idioma: | espanyol anglès |
| Publicat: |
Valencia :
Calambur Editorial,
[2023]
|
| Col·lecció: | Calambur. Narrativa ;
72. |
| Matèries: | |
| Accés en línia: | Digitalia Hispánica |
| Etiquetes: |
Afegir etiqueta
Sense etiquetes, Sigues el primer a etiquetar aquest registre!
|
MARC
| LEADER | 00000nam a2200000Ii 4500 | ||
|---|---|---|---|
| 001 | DIGCALAM294 | ||
| 003 | NyNyDIG | ||
| 006 | m o d | ||
| 007 | cr ||||||||||| | ||
| 008 | 241203s2023 sp o 000 f spa d | ||
| 035 | |a (OCoLC)1478204217 | ||
| 040 | |a DGITA |b eng |e rda |e pn |c DGITA | ||
| 020 | |z 9788483595879 | ||
| 041 | 1 | |a spa |h eng | |
| 050 | 1 | 4 | |a PR5819 ebook |
| 100 | 1 | |a Wilde, Oscar, |d 1854-1900, |e author. | |
| 240 | 1 | 0 | |a Picture of Dorian Gray. |l Spanish |s (Baeza) |
| 245 | 1 | 3 | |a El retrato de Dorian Gray / |c Oscar Wilde ; traducción y prólogo de Ricardo Baeza. |
| 264 | 1 | |a Valencia : |b Calambur Editorial, |c [2023] | |
| 300 | |a 1 online resource. | ||
| 336 | |a text |b txt |2 rdacontent | ||
| 337 | |a computer |b c |2 rdamedia | ||
| 338 | |a online resource |b cr |2 rdacarrier | ||
| 347 | |a text file |2 rdaft | ||
| 347 | |b PDF | ||
| 490 | 1 | |a Calambur Narrativa ; |v 72 | |
| 588 | 0 | |a Online resource; title from PDF title page (Digitalia, viewed December 3, 2024) | |
| 655 | 7 | |a Novels. |2 lcgft | |
| 700 | 1 | |a Baeza, Ricardo, |e 1890-1956, |e translator, |e contributor agent of text. | |
| 700 | 1 | |i Translation of: |a Wilde, Oscar, |d 1854-1900. |t Picture of Dorian Gray. | |
| 791 | 2 | |a Digitalia (Firm), |e distributor. | |
| 793 | 0 | |g Digitalia eBook Collection: |a Editorial Calambur | |
| 776 | 0 | 8 | |i Print version: |a Wilde, Oscar, 1854-1900. |s Picture of Dorian Gray. Spanish (Baeza). |t Retrato de Dorian Gray. |b Primera edición. |d Valencia : Calambur Editorial, [2023] |z 9788483595879 |
| 830 | 0 | |a Calambur. |p Narrativa ; |v 72. | |
| 856 | 4 | 0 | |3 Digitalia Hispánica |u https://digitalia.unach.elogim.com/a/162834/ |
| 910 | |a Premium collection: 2024 | ||